Southville International School and Colleges
Your cart is empty.
  • Cart
  • Lists
    Public lists Eva Luna New books Lux_list list_1
    Your lists Log in to create your own lists
  • Log in to your account
  • Your cookies
  • Search history
Southville International School and Colleges
  • Advanced search
  • Recent comments
  • Most popular
  • Libraries

Log in to your account

Log in with GOOGLE


If you do not have an external account, but do have a local account, you can still log in:

  1. Home
  2. MARC view: Biostatistics /
Normal view MARC view ISBD view

Biostatistics / (Record no. 117444)

[ view plain ]
MARC details
000 -LEADER
fixed length control field 00493nam a2200181Ia 4500
008 - FIXED-LENGTH DATA ELEMENTS--GENERAL INFORMATION
fixed length control field 140527s9999 xx 000 0 und d
020 ## - INTERNATIONAL STANDARD BOOK NUMBER
International Standard Book Number 9789814369220
050 ## - LIBRARY OF CONGRESS CALL NUMBER
Classification number QH 323.5
Item number .R733 2012
100 ## - MAIN ENTRY--PERSONAL NAME
Personal name Rosner, Bernard.
245 ## - TITLE STATEMENT
Title Biostatistics /
Statement of responsibility, etc Bernard Rosner
250 ## - EDITION STATEMENT
Edition statement Philippine ed.
260 ## - PUBLICATION, DISTRIBUTION, ETC. (IMPRINT)
Place of publication, distribution, etc Boston :
Name of publisher, distributor, etc Brooks/Cole, Cengage Learning,
Date of publication, distribution, etc c2012.
300 ## - PHYSICAL DESCRIPTION
Extent 943 p. :
Other physical details ill. ;
Dimensions 23 cm.
500 ## - GENERAL NOTE
General note Includes index.
521 ## - TARGET AUDIENCE NOTE
Target audience note
942 ## - ADDED ENTRY ELEMENTS (KOHA)
Call number prefix Foreign
Koha item type Books
Holdings
Withdrawn status Lost status Damaged status Home library Current library Shelving location Date acquired Cost, normal purchase price Total Checkouts Total Renewals Full call number Barcode Date last seen Date checked out Price effective from Koha item type
      College Library College Library Reserve Section 05/28/2014 945.00 1 18 QH 323.5 .R733 2012 C18052 05/15/2018 06/11/2014 05/28/2014 Books

Biostatistics /

APA

Rosner B., . (2012). Biostatistics. Boston: Brooks/Cole, Cengage Learning.

Chicago

Rosner Bernard, . 2012. Biostatistics. Boston: Brooks/Cole, Cengage Learning.

Harvard

Rosner B., . (2012). Biostatistics. Boston: Brooks/Cole, Cengage Learning.

MLA

Rosner Bernard, . Biostatistics. Boston: Brooks/Cole, Cengage Learning. 2012.

  • Place hold
  • Print
  • Cite
  • Add to your cart (remove)
  • Save record
    BIBTEX Dublin Core MARCXML MARC (non-Unicode/MARC-8) MARC (Unicode/UTF-8) MARC (Unicode/UTF-8, Standard) MODS (XML) RIS
  • More searches
    Search for this title in:
    Other Libraries (WorldCat) Other Databases (Google Scholar) Online Stores (Bookfinder.com) Open Library (openlibrary.org)

Exporting to Dublin Core...

SOUTHVILLE LIBRARY

Southville International School and Colleges Library

1281 Tropical Ave. Cor. Luxembourg St., BF Homes International, Las Pinas City

Tel. No. 8256374 / 252358 Loc. 117/146

Powered by Koha